00881nam a2200217 a 450000100100000000500170001000800410002702000150006804000250008324500820010826000720019030000210026249000530028350000210033670000310035770000330038871000600042183000600048195201050054199900170064600004162220201002035655.0131014s2005 sp 001 0 spa d a8481646733 aDO-SdBNPbspacBNPHU00aFilosofía de la lógica / :bedición de Raúl Oreyen y Alberto Moretti. aMadrid :bConsejo Superior de Investigaciones Científicas,c2005. a355 p. ;c24 cm.1 aEnciclopedia Iberoaméricana de Filosofíav27 aIncluye índice1 aOreyen, Raúleed.9684031 aMoretti, Albertoeed.9684042 aConsejo Superior de Investigaciones Científicas94786 0aEnciclopedia Iberoaméricana de Filosofíav27915735 001050718MOaGRbGRcCTd2013-10-14iLF1l0o p41622-10r2020-06-25w2020-06-25y1ZNo se presta c41112d41112